Automatizovaný merací systém pre zber a spracovanie nameraných údajov

Salvato in:
Dettagli Bibliografici
Autore principale: Kubík, Miroslav (Autore)
Altri autori: Ušák, Elemír (Relatore della tesi)
Natura: Manoscritto Libro
Lingua:slovacco
Pubblicazione: Bratislava : STU v Bratislave FEI, 2020
Soggetti:
Accesso online:https://opac.crzp.sk/?fn=detailBiblioForm&sid=42FF770CB0BE777972F42A521E7F&seo=CRZP-detail-kniha
Tags: Aggiungi Tag
Nessun Tag, puoi essere il primo ad aggiungerne!!

MARC

LEADER 00000ntm a22000003a 4500
001 stuzp78922
003 SK-STU
005 20200710091706.1
007 ta
008 150427s2015----xo-----f-mn---000-0-slo-d
040 |a STU  |b slo 
041 0 |a slo 
044 |a xo 
100 1 |a Kubík, Miroslav  |u 034000  |4 aut  |U FEI Fakulta elektrotechniky a informatiky  |T FEI Ústav elektrotechniky  |X 74472  |U E040  |Y 550  |7 74472 
242 0 1 |a Automated measuring system for data acquisition and processing  |y eng 
245 1 0 |a Automatizovaný merací systém pre zber a spracovanie nameraných údajov 
260 |a Bratislava :  |b STU v Bratislave FEI,  |c 2020 
300 |a 53 s. 
650 4 |a LabVIEW  |2 slo 
650 4 |a zber a spracovanie údajov  |2 slo 
650 4 |a magnetická polarizácia nasýtenia  |2 slo 
650 4 |a teplota  |2 slo 
650 4 |a LabVIEW  |2 eng 
650 4 |a Data Acquisition and Processing  |2 eng 
650 4 |a saturation magnetic polarization  |2 eng 
650 4 |a temperature  |2 eng 
700 1 |a Ušák, Elemír  |u 034000  |k Z1  |4 ths  |U FEI Fakulta elektrotechniky a informatiky  |T FEI Ústav elektrotechniky  |X 1863  |U E040  |Y 550  |7 A000001863 
856 4 |u https://opac.crzp.sk/?fn=detailBiblioForm&sid=42FF770CB0BE777972F42A521E7F&seo=CRZP-detail-kniha